| 000 | 00823nam a22002057a 4500 | ||
|---|---|---|---|
| 003 | OSt | ||
| 005 | 20250912181843.0 | ||
| 008 | 240213b ||||| |||| 00| 0 eng d | ||
| 040 | _c0 | ||
| 082 | _aDPer 621.381 In821 April 2022 v. 37 n. 4 | ||
| 100 |
_aYao, Xiu. _eauthor. _952219 |
||
| 245 |
_aUnknown input observer-based series DC arc fault detection in DC microgrids / _cXiu Yao, Vu Le, and Inhwan Lee. |
||
| 260 |
_aNew York ; _bThe Institute of Electrical and Electronics Engineers, Inc. , _cApril 2022. |
||
| 300 |
_aVolume 37, pages 4708-4718 : _billustration ; _c28 cm. |
||
| 500 | _aIEEE Transaction on Power Electronics, vol. 37, no. 4, pages 4708-4718, April 2022. | ||
| 700 |
_aYao, Xiu. _eauthor. _952219 |
||
| 700 |
_aLe, Vu. _eauthor. _952220 |
||
| 700 |
_aLee, Inhwan. _eauthor. _952221 |
||
| 942 |
_2ddc _cPER |
||
| 999 |
_c19111 _d19111 |
||